00992cam a22002531 4500001001300000003000400013005001700017008004100034010001700075035001900092040002400111042001200135050002400147082001100171110002800182245028100210260002100491300002400512500001700536500006200553650004000615650004100655700004200696gs 50000061 DLC20260227111356.0761116s1949 txu 000 0 eng  ags 50000061  a(OCoLC)2560600 aDLCcTxdOCoLCdDLC apremarc00aGB1025.T4bA5 1949a a551.492 aTexas Water Commission.10aOccurrence and development of ground water in the Linn-Faysville area, Hidalgo County, Texasc[by C. R. Follett, W. N. White, and Burdge Irelan] Prepared in cooperation between the U. S. Geological Survey, U. S. Bureau of Reclamation, and Texas State Board of Water Engineers. a[Austin?]c1949. a43 l.bmap.c28 cm. aCover title. aU.S. Geological Survey. Library for Library of Congress. 0aGroundwaterzTexaszHidalgo County. 0aWater-supplyzTexaszHidalgo County.1 aFollett, C. R.q(Clarence R.),d1904-